| 000 | 00520nam a2200181Ia 4500 | ||
|---|---|---|---|
| 999 |
_c14116 _d14116 |
||
| 003 | OSt | ||
| 005 | 20201019115934.0 | ||
| 008 | 190216s9999||||xx |||||||||||||| ||und|| | ||
| 020 | _a9781853812071 | ||
| 040 | _coclc | ||
| 082 |
_a813.54 _bMUK/H |
||
| 100 |
_aMukherjee, Bharati _95886 |
||
| 245 | 4 |
_aThe Holder Of The World / _cBharati Mukherjee |
|
| 260 |
_bCox And Wyman Ltd , _c1993. _aLondon: |
||
| 300 | _a286p | ||
| 650 | _aEnglish Novel | ||
| 942 |
_cBK _2ddc _h813.54 _iMUK/H _k813.54 _mMUK/H |
||